00000000nam##2200000za#4500
0019.623110
003CaOODSP
00520200401044808
007ta
008150406|1994||||xxc|||||     f|0| 0 fre|d
040 |aCaOODSP|bfre
043 |an-cn---
0861 |aFs97-6/2014F
1101 |aCanada. |bMinistère des pêches et des océans.
24510|aDistribution bathymétrique et saisonnière du crabe commun (Cancer irroratus) au large d'Anse-à-Beaufils, Québec / |cpar Louise Gendron et Charley Cyr.
260 |aOttawa - Ontario : |bPêches et Océans Canada |c1994.
300 |aix, 53p. : |bfigures, graphiques, références, tableaux ; |c28 cm.
4901 |aRapport technique canadien des sciences halieutiques et aquatiques|v2014
500 |aPréparé à la Direction des sciences des pêches, Ministère des Pêches et des Océans, Institut Maurice-Lamontagne, C.P. 1000, 850, route de la Mer, Mont-Joli (Québec) G5H 3Z4.
546 |aAbstracts in English
563 |aCouverture souple
69107|aCrustacé|2gcpds
7201 |aJohannessen, D.I.
7201 |aCyr, Charley
7760#|tDistribution bathymétrique et saisonnière du crabe commun (Cancer irroratus) au large d'Anse-à-Beaufils, Québec / |w(CaOODSP)9.604018
830#0|aRapport technique canadien des sciences halieutiques et aquatiques ;|v2014|w(CaOODSP)9.513051